000 00316nam a22001457a 4500
008 210312b ||||| |||| 00| 0 eng d
020 _a9781305500853
041 _aeng
080 _211th
_a33
082 _211th
_a33
100 _a59
101 _aBIZ
245 _aBusiness Ethics
_cFerrell,C.O
942 _2udc
_cBK
999 _c56604
_d56604